000 01241nam a2200205 a 4500
008 130830s2011 ||||||||||||||||| || u
020 _a9780435046903
050 _aHF 5030 Bus
100 _aTrimarchi, Karen
245 1 0 _aBussiness and administration
_cby Bernadette Watkins [and others]
260 _aHarlow, Essex:
_bPearson Education Limited
_c2011
300 _aviii, 216p.: ill.
650 0 _aBUSINESS
700 _aWatkins, Bernadette
995 _aANNEX COLLECTION (Main Library)
_e744376
_FCBU-MAIN LIBRARY (Kitwe)
_jHF 5030 Bus
_M4
_UAVAILABLE
_WSep 10, 2013
_y744376
_ZAnnex Low-Usage Collection
995 _aANNEX COLLECTION (Main Library)
_e744377
_FCBU-MAIN LIBRARY (Kitwe)
_jHF 5030 Bus
_M5
_UAVAILABLE
_WSep 10, 2013
_y744377
_ZAnnex Low-Usage Collection
995 _aANNEX COLLECTION (Main Library)
_e744373
_FCBU-MAIN LIBRARY (Kitwe)
_jHF 5030 Bus
_M1
_UAVAILABLE
_WSep 10, 2013
_y744373
_ZAnnex Low-Usage Collection
995 _aMAIN LIBRARY OPEN ACCESS
_e744374
_FCBU-MAIN LIBRARY (Kitwe)
_jHF 5030 Bus
_M2
_UAVAILABLE
_WSep 10, 2013
_y744374
_ZMain Library Open Access Collection
995 _aMAIN LIBRARY OPEN ACCESS
_e744375
_FCBU-MAIN LIBRARY (Kitwe)
_jHF 5030 Bus
_M3
_UAVAILABLE
_WSep 10, 2013
_y744375
_ZMain Library Open Access Collection
999 _c77966
_d77966